| 000 | 00595nam a2200181Ia 4500 | ||
|---|---|---|---|
| 008 | 090124s9999 xx 000 0 und d | ||
| 082 | _b113309 | ||
| 100 | _aजोशी ना.भा. | ||
| 245 | _a सार्थ श्री तुलसी रामायण | ||
| 250 | _a1 | ||
| 260 | _c1970 | ||
| 300 | _a870+16+4+2 | ||
| 600 | _aजोशी ना.भा. | ||
| 630 | _a सार्थ श्री तुलसी रामायण | ||
| 700 | _aजोशी ना.भा. | ||
| 730 | _a सार्थ श्री तुलसी रामायण | ||
| 942 | _cBOOK | ||
| 999 |
_c159400 _d159400 |
||